| 000 | 00000nam 2200000zi 4500 |
| 001 | 9.938873 |
| 003 | CaOODSP |
| 005 | 20250109105828 |
| 006 | m o d f |
| 007 | cr |n||||||||| |
| 008 | 240531t20242024oncbd ob f000 0 eng d |
| 020 | |a9780660721675 |
| 040 | |aCaOODSP|beng|erda|cCaOODSP |
| 043 | |an-cn-ns |
| 086 | 1 |aM103-3/79-2024E-PDF |
| 100 | 1 |aJewell, D. A., |eauthor. |
| 245 | 10|aAutomated detection of mine tailings via object-based classification of Sentinel-2 images / |cD.A. Jewell, L.M. Campbell, and H.P. White. |
| 264 | 1|a[Ottawa] : |bGeomatics Canada, |c2024. |
| 264 | 4|c©2024 |
| 300 | |a1 online resource (4 pages) : |bcolour maps, chart. |
| 336 | |atext|btxt|2rdacontent |
| 337 | |acomputer|bc|2rdamedia |
| 338 | |aonline resource|bcr|2rdacarrier |
| 490 | 1 |aOpen file, |x2292-7875 ; |v79 |
| 504 | |aIncludes bibliographical references (page 2). |
| 650 | 0|aTailings (Metallurgy) |
| 650 | 0|aRemote sensing|zNova Scotia. |
| 650 | 6|aRésidus (Minéralurgie) |
| 650 | 6|aTélédétection|zNouvelle-Écosse. |
| 710 | 2 |aGeomatics Canada, |eissuing body. |
| 830 | #0|aOpen file (Geomatics Canada)|v79.|w(CaOODSP)9.821474 |
| 856 | 40|qPDF|s2.44 MB|uhttps://publications.gc.ca/collections/collection_2025/rncan-nrcan/M103-3-79-2024-eng.pdf |
| 856 | 4 |qHTML|sN/A|uhttps://doi.org/10.4095/pgw1ywkvvm |